South korean social movements (Registro nro. 184434)

Detalles MARC
000 -ENCABEZADO
Número de control [NR] 00970 a2200253 4500
005 - FECHA Y HORA DE LA ÚLTIMA TRANSACCIÓN
control field 20140903175022.0
008 - DE LONGITUD FIJA DE DATOS DE ELEMENTOS - INFORMACIÓN GENERAL
Elementos de longitud fija [NR] 140221s2011 enkd fr|||| 001 0 eng d
020 ## - NUMERO INTERNACIONAL NORMALIZADO PARA LIBROS [R]
Número Internacional Normalizado del libro [NR] 9780415857659
040 ## - FUENTE DE CATALOGACION [NR]
Agencia de catalogación original [NR] CO-BoUCM
Idioma de catalogación [NR] spa
Quien Cataloga Jose A. Gerena
Quien Clasifica Diana Londoño
041 ## - CODIGO DE IDIOMA [R]
Código de idioma para texto/pista de sonido o título separado [R] Inglés
245 00 - MENCION DE TITULO [NR]
Título [NR] South korean social movements
Parte restante del título [NR] from democracy to civil society
Mención de responsabilidad, etc. [NR] editado por Go-Wook Shin y Paul Y. Chang
260 ## - PUBLICACION, DISTRIBUCION, ETC. (PIE DE IMPRENTA) [R]
Nombre del editor, distribuidor, etc. [R] Routledge
Lugar de publicación, distribución, etc. [R] Abingdon (Oxfordshire, Inglaterra)
Fecha de publicación, distribución, etc. [R] 2011
300 ## - DESCRIPCION FISICA [R]
Extensión [R] xiii, 305 páginas
Otros detalles físicos [NR] cuadros, gráficas
490 ## - MENCION DE SERIE [R]
Mención de serie [R] routledge advances in korean studies
504 ## - NOTA DE BIBLIOGRAFIA, ETC. [R]
Nota de bibliografía, etc. [NR] Incluye referencias bibliográficas e índices
650 #7 - ASIENTO SECUNDARIO DE MATERIA - TERMINO TEMATICO [R]
9 (RLIN) 10356
Término temático o nombre geográfico como elemento de entrada [NR] Cambio social
650 #7 - ASIENTO SECUNDARIO DE MATERIA - TERMINO TEMATICO [R]
9 (RLIN) 19846
Término temático o nombre geográfico como elemento de entrada [NR] Movimientos revolucionarios
650 #7 - ASIENTO SECUNDARIO DE MATERIA - TERMINO TEMATICO [R]
9 (RLIN) 19847
Término temático o nombre geográfico como elemento de entrada [NR] Movimientos sociales
690 ## - ASUNTO AGREGADO LOCAL DE ENTRADA - TÉRMINO TEMÁTICO (OCLC, RLIN)
9 (RLIN) 42914
Acceso temático local Sociología
700 1# - ASIENTO SECUNDARIO - NOMBRE PERSONAL [R]
Nombre personal [NR] Chang, Paul Y.
Término de relación [R] editor
9 (RLIN) 57094
700 1# - ASIENTO SECUNDARIO - NOMBRE PERSONAL [R]
Nombre personal [NR] Gi-Woo, Shin
Término de relación [R] editor
9 (RLIN) 57093
942 ## - ELEMENTOS DE ENTRADA AGREGADOS (KOHA)
Tema principal Generalidades
Tipo de ítem principal el descrito en 300a Libro
Edición 1
Parte restante de la signatura top. S726
Sistema de clasificación DEWEY
Clasificación 303.484
Existencias
Total préstamos Signatura topográfica Código de barras Última vez visto Ejemplar Costo de reposición Price effective from Tipo de ítem Perdido Sistema de clasificación Dañado No prestable Tipo de ítem específico Suprimido Ubicación habitual Ubicación actual Localización Fecha de creación Proveedor Forma de adquisición Costo
  303.484 S726 100140462 09/12/2025 Ej.1 80000.00 12/02/2014 Libro   DEWEY     Libro   Claustro Claustro 2do piso 12/02/2014 23 Compra 80000.00